| 000 | 00616nam a2200217Ia 4500 | ||
|---|---|---|---|
| 005 | 20230715090706.0 | ||
| 008 | 131103s9999 xx 000 0 und d | ||
| 040 | _aLoreto College | ||
| 041 | _aEnglish | ||
| 082 |
_a920 _bCHA |
||
| 100 | _aChaudhuri,Nirad C. | ||
| 245 | 4 |
_aThe Autobiography of an Unknown Indian _cNirad C.Chaudhuri |
|
| 260 |
_aBombay _bJaico Publishing House _cc 1951 |
||
| 300 | _axii,528 p. | ||
| 504 | _aAcc no. 34053 is published from The Hogarth Press | ||
| 630 | _aIndia - Biography | ||
| 650 | _aChaudhuri,Nirad C. | ||
| 651 | _aAutobiography | ||
| 850 | _aLCLIB | ||
| 942 | _cBK | ||
| 999 |
_c12166 _d62645 |
||